LEADER 01432nam a2200301 u 4500 001 000000039637 003 CaOOAMICUS 005 20070226114019.0 008 980518s1993 it u000 u ita u 035 $a10794980 040 $aPUL(R)$bita 100 1 $aSaulle, Maria Rita.$0(OLS)http://pul/name/29442 245 10$aLezioni di organizzazione internazionale /$cMaria Rita Saulle. 260 $aNapoli :$bEdizioni scientifiche italiane,$cc1993. 300 $a2 v. ;$c25 cm 504 $aBibliografia in nota. 505 0 $av. 1: Le organizzazioni internazionali a livello mondiale e regionale -- v. 2: Le organizzazioni internazionali e i diritti umani. 650 4$aDiritto internazionale.$0(OLS)http://pul/subject/2505 650 4$aDiritti umani.$0(OLS)http://pul/subject/3219 850 $aPUL 852 $aPUL$W1$xSL Diritto e Scienze Sociali 1$y4$m179 B 52-53$j53969$nBK-PRI$b $qStampati$B53969$CPULBib$Z2$F53969 $H $81 852 $aPUL$W1$xSL Diritto e Scienze Sociali 1$y4$m179 B 52-53$j53969$nBK-PRI$b $qStampati$B53970$CPULBib$Z2$F53970 $H $81 941 1 $a8 960 $aDiritti dell'uomo$93219 961 $aINV: 73105-73106. 961 $aINV: 73105-73106. 996 $6245$aLezioni di organizzazione internazionale$9(OLS)http://pul/title/53643 996 $6260$aNapoli :$bEdizioni scientifiche italiane$9(OLS)http://pul/publisher/48388 LEADER 01322nam a2200325 a 4500 001 000000165657 003 CaOOAMICUS 005 20180202120756.0 008 180202s2002 enk u000 u eng r 020 $a0-7130-4041-6* 032 $aLibriCat 040 $aPUL$bita 082 04$a370.9 100 1 $aLawton, Denis.$0(OLS)http://pul/name/106758 245 12$aA history of western educational ideas /$cDenis Lawton and Peter Gordon. 260 $aLondon ; Portland, Or. :$bWoburn Press,$cİ2002. 300 $a249 p. ;$c23 cm. 490 1 $aWoburn education series 504 $aBibliografia in nota. 650 4$aPedagogia$xStoria.$0(OLS)http://pul/subject/2738 700 1 $aGordon, Peter.$0(OLS)http://pul/name/106759 830 0$aWoburn education series.$0(OLS)http://pul/title/205341 850 $aPUL 852 $aPUL$W1$xSL Diritto e Scienze Sociali 3$y79$m370. 9 LAWDE 1$j189974$qDDC 21$B193002$CPULBib$Z2$F193002 $H130304 $81 941 1 $a9 996 $6020$a0-7130-4041-6*$9(OLS)http://pul/number/163349 996 $6082$a370.9$9(OLS)http://pul/classification/1736 996 $6245$aA history of western educational ideas$9(OLS)http://pul/title/205340 996 $6260$aLondon ; Portland, Or. :$bWoburn Press$9(OLS)http://pul/publisher/86691